Atlas de ecología (Registro nro. 2697)

Detalles MARC
000 -CABECERA
Longitud fija campo de control 00896nam a2200289 i 4500
003 - • IDENTIFICADOR DELl NÚMERO DE CONTROL
Identificador del número de control CO-BoRNBP
005 - • FECHA Y HORA DE LA ÚLTIMA TRANSACCIÓN
Fecha y hora de la última transacción 20220316235940.0
007 - • CAMPO FIJO DE DESCRIPCIÓN FÍSICA
Campo fijo de descripción física ta
008 - • CÓDIGOS DE INFORMACIÓN DE LONGITUD FIJA
Códigos de información de longitud fija 200427s1996 sp ao sgr sp s0 spa d
020 ## - • NÚMERO INTERNACIONAL NORMALIZADO PARA LIBROS
Número Internacional Normalizado para Libros (ISBN) 8480550732
040 ## - FUENTE DE LA CATALOGACIÓN
Centro catalogador de origen CO-BoRNBP
Lengua de catalogación spa
Centro transcriptor CO-BoRNBP
Normas de descripción rda
041 0# - • CÓDIGO DE LENGUA
Código de lengua del texto/banda sonora o título independiente spa
082 04 - • NÚMERO DE LA CLASIFICACIÓN DECIMAL DEWEY
Número de clasificación (R) R 577.0223
Número del ítem A74
Número de edición 23
245 00 - • TITULO PROPIAMENTE DICHO
Título Atlas de ecología
Resto del título nuestro planeta
246 ## - • VARIANTES DE TÍTULO
Título propio / Título en breve Atlas nuestro planeta
Resto de título Ecología
250 ## - • MENCIÓN DE EDICIÓN
Mención de edición Primera edición
264 #1 - PRODUCCIÓN, PUBLICACIÓN , DISTRIBUCIÓN, FABRICACIÓN Y COPYRIGHT
Lugar de producción, publicación, distribución, fabricación Barcelona, España
Nombre del productor, editor, distribuidor, fabricante Cultural
-- Thema
Fecha de de producción, publicación, distribución, fabricación o copyright 1996
300 ## - • DESCRIPCIÓN FÍSICA
Extensión 112 páginas
Otras características físicas ilustraciones, fotografías a color
Dimensiones 34 cm
Material Anexo 1 CD-ROM
336 ## - TIPO DE CONTENIDO
Término de tipo de contenido texto
Código de tipo de contenido txt
Fuente rdacontent
337 ## - TIPO DE MEDIO
Nombre del tipo de medio sin mediación
Código del tipo de medio n
Fuente rdamedia
338 ## - TIPO DE SOPORTE
Nombre del tipo de soporte volumen
Código del tipo de soporte nc
Fuente rdacarrier
500 ## - • NOTA GENERAL
Nota general Incluye índice
650 17 - • PUNTO DE ACCESO ADICIONAL DE MATERIA - TÉRMINO DE MATERIA
Término de materia o nombre geográfico como elemento inicial Ecología
Subdivisión de materia general Enseñanza
Subdivisión de forma Atlas
Fuente del encabezamiento o término ARMARC
650 17 - • PUNTO DE ACCESO ADICIONAL DE MATERIA - TÉRMINO DE MATERIA
Término de materia o nombre geográfico como elemento inicial Ecosistemas
Subdivisión de forma Atlas
Fuente del encabezamiento o término ARMARC
650 17 - • PUNTO DE ACCESO ADICIONAL DE MATERIA - TÉRMINO DE MATERIA
Término de materia o nombre geográfico como elemento inicial Ciencias naturales
Fuente del encabezamiento o término ARMARC
942 ## - ENTRADA DE ELEMENTOS AGREGADOS (KOHA)
Fuente de clasificaión o esquema Dewey Decimal Classification
Koha [por defecto] tipo de item Libro Referencia
Existencias
Perdido Fuente de clasificación o esquema Estado Físico No para préstamo Forma de adquisición Localización permanente Localización actual Localización en estanterías Fecha adquisición Préstamos totales Signatura completa Código de barras Fecha última consulta Número de copia Fecha del precio de reemplazo Tipo de item de Koha
  Dewey Decimal Classification     Colección General Biblioteca Pública Fuentedeoro - Henry Llanos García Biblioteca Pública Fuentedeoro - Henry Llanos García General 06/06/2023   R577.0223 A74 Fo00001084 06/06/2023 Ej.1 06/06/2023 Libro Referencia
  Dewey Decimal Classification     Colección General Biblioteca Pública Puerto Lleras Biblioteca Pública Puerto Lleras Referencia 02/27/2023   R577.0223 A74 PL00227 02/27/2023 Ej.1 02/27/2023 Libro Referencia
  Dewey Decimal Classification     Colección General Biblioteca Pública San Carlos de Guaroa - Eduardo Carranza Biblioteca Pública San Carlos de Guaroa - Eduardo Carranza Referencia 10/22/2024   R 577,0223 A74 SG02086 10/22/2024 Ej.1 10/22/2024 Libro Referencia
  Dewey Decimal Classification     Colección General Biblioteca Pública San Carlos de Guaroa - Eduardo Carranza Biblioteca Pública San Carlos de Guaroa - Eduardo Carranza Referencia 10/22/2024   R 577,0223 A74 SG02087 10/22/2024 Ej.1 10/22/2024 Libro Referencia
  Dewey Decimal Classification     Colección General Biblioteca Pública San Carlos de Guaroa - Eduardo Carranza Biblioteca Pública San Carlos de Guaroa - Eduardo Carranza Referencia 10/22/2024   R 577,0223 A74 SG02088 10/22/2024 Ej.1 10/22/2024 Libro Referencia
  Dewey Decimal Classification     Colección General Biblioteca Pública Guamal Biblioteca Pública Guamal Referencia 04/28/2023   R 577.0223 A74 GUA003450 04/28/2023 Ej.1 04/28/2023 Libro Referencia
  Dewey Decimal Classification     Colección General Biblioteca Pública Guamal Biblioteca Pública Guamal Referencia 04/28/2023   R 577.0223 A74 GUA003451 04/28/2023 Ej.1 04/28/2023 Libro Referencia
  Dewey Decimal Classification     Sala Referencia Biblioteca Pública Mapiripan Biblioteca Pública Mapiripan Referencia 01/11/2024   R 577,0223 A74 MAP00001222 01/11/2024 Ej.1 01/11/2024 Libro Referencia
  Dewey Decimal Classification     Sala Referencia Biblioteca Pública San Juan de Arama - Concepción de Arama Biblioteca Pública San Juan de Arama - Concepción de Arama Referencia 08/29/2023   R 577.023 A74 SJA00825 08/29/2023 Ej.1 08/29/2023 Libro Referencia









Instituto Departamental de Cultura del Meta - Red Departamental de Bibliotecas Públicas del Meta.